00615nam a2200205Ia 4500001000700000008004100007082001500048100002300063245005600086260002500142300001100167500003800178503001400216504003800230650001500268650003700283650003000320650003600350650002300386Z_2664220601s9999 xx 000 0 und d a636.39 L33 aLacerca M. Alberto aExplotacion del ganado caprino / Alberto M. Lacerca aArgentina : Albatros a240 p. aTítulo en portada: Los caprinos aej.1: s/n aIncluye bibliografía e índice a1. Cabras  aGanado cabrío -- Producción  aGanado cabrío -- razas  aGanado cabrío - Mejoramiento  aLeche de cabra Ì